| 000 | 00892cam a2200193 4500 | ||
|---|---|---|---|
| 001 | WB3701-25 | ||
| 008 | 000000n2000 000 0 eng u | ||
| 035 | _a(Sirsi) u110113 | ||
| 245 | _aCommonhold and Leasehold Reform Bill published | ||
| 260 | _c2000 | ||
| 490 |
_aLord Chancellor's Department Press Release _v(444-00) 21 December 2000, (4) |
||
| 520 | _aDetails the key provisions contained in the Commonhold and Leasehold Reform Bill, which has recently been published. Includes Ministers' comments on motivations for the bill, and its chief aims. The full text of the bill can be viewed at: 'www.parliament.the-stationery-office.co.uk/pa/ld200001/ldbills/011/2001011.htm' | ||
| 650 | _aCOMMONHOLD AND LEASEHOLD REFORM BILL | ||
| 650 | _aCOMMONHOLD | ||
| 650 | _aLEASEHOLD REFORM | ||
| 650 | _aLEASEHOLD SYSTEM | ||
| 690 | _aLANDLORD AND TENANT-LEASEHOLD REFORM | ||
| 942 | _n0 | ||
| 999 |
_c65673 _d65673 |
||